[Event "Berkeley Summer IM"]
[Site "Berkeley"]
[Date "2019.08.19"]
[Round "7"]
[White "Matras Clement, Agnieszka"]
[Black "Belakovskaia, Anjelina"]
[Result "1-0"]
[WhiteElo "2260"]
[BlackElo "2191"]
[PlyCount "63"]
[EventDate "2019.08.16"]
[EventType "tourn"]
[EventRounds "9"]
[EventCountry "USA"]
[SourceTitle "EXT 2020"]
[Source "ChessBase"]
[SourceDate "2019.10.17"]
[SourceVersion "1"]
[SourceVersionDate "2019.10.17"]
[SourceQuality "1"]

1. e4 d5 2. exd5 Nf6 3. d4 Nxd5 4. Be2 g6 5. Nf3 Bg7 6. 0-0 0-0 7. c4 Nb6 8. Nc3 Nc6 9. d5 Na5 10. c5 Nd7 11. Bd2 c6 12. b4 cxd5 13. bxa5 Nxc5 14. Rc1 d4 15. Nb5 b6 16. axb6 axb6 17. Bc4 e5 18. Re1 Bg4 19. h3 Bxf3 20. Qxf3 Kh8 21. Bb4 f5 22. Rcd1 Qf6 23. Bxc5 bxc5 24. Qd5 Rac8 25. Nd6 Rc7 26. Rb1 h5 27. Rb6 Kh7 28. Reb1 Qg5 29. Rb8 Rxb8 30. Rxb8 Qc1+ 31. Bf1 e4 32. Nxf5 1-0

[Event "Las Vegas National op"]
[Site "Las Vegas"]
[Date "2015.06.21"]
[Round "6"]
[White "Zhao, Art"]
[Black "Belakovskaia, Anjelina"]
[Result "1/2-1/2"]
[WhiteElo "1992"]
[BlackElo "2220"]
[PlyCount "121"]
[EventDate "2015.06.19"]
[EventType "swiss"]
[EventRounds "6"]
[EventCountry "USA"]
[SourceTitle "CBM 167 Extra"]
[Source "ChessBase"]
[SourceDate "2015.09.14"]
[SourceVersion "1"]
[SourceVersionDate "2015.09.14"]
[SourceQuality "1"]

1. d4 d5 2. c4 e5 3. dxe5 d4 4. Nf3 Nc6 5. g3 Nge7 6. Bg2 Ng6 7. 0-0 Ngxe5 8. Nxe5 Nxe5 9. b3 Be7 10. Bb2 Bf6 11. Nd2 Bf5 12. Bxb7 Rb8 13. Be4 Bh3 14. Bg2 Bxg2 15. Kxg2 c5 16. Ne4 Nxc4 17. bxc4 Rxb2 18. Nxc5 0-0 19. Nd3 Rb6 20. Rb1 Re8 21. Rxb6 axb6 22. Qc2 h5 23. Rb1 h4 24. Nf4 Qa8+ 25. Kg1 Qa5 26. Nd5 Bd8 27. Kf1 Re6 28. Rb5 Qa8 29. Rb2 Qc8 30. Qf5 b5 31. Nf4 Qc6 32. Qd5 Qxd5 33. cxd5 Rb6 34. Rb4 hxg3 35. hxg3 Ra6 36. Rxb5 Bc7 37. Rb4 Bxf4 38. gxf4 d3 39. exd3 Rxa2 40. Rb8+ Kh7 41. d6 Ra7 42. Rd8 Kg6 43. Ke2 Kf6 44. Ke3 Ke6 45. Kd4 g6 46. Ke4 Ra4+ 47. d4 f5+ 48. Ke3 Ra3+ 49. Ke2 Ra2+ 50. Ke3 Ra3+ 51. Kd2 Ra2+ 52. Kc3 Rxf2 53. d7 Rxf4 54. Rg8 Kxd7 55. Rxg6 Rf1 56. Kc4 Ra1 57. Rf6 Ra4+ 58. Kc5 Ra5+ 59. Kb4 Rd5 60. Kc4 Ra5 61. d5 1/2-1/2

[Event "Las Vegas National op"]
[Site "Las Vegas"]
[Date "2015.06.19"]
[Round "2"]
[White "Dlugy, Maxim"]
[Black "Belakovskaia, Anjelina"]
[Result "1-0"]
[WhiteElo "2507"]
[BlackElo "2220"]
[PlyCount "63"]
[EventDate "2015.06.19"]
[EventType "swiss"]
[EventRounds "6"]
[EventCountry "USA"]
[SourceTitle "CBM 167 Extra"]
[Source "ChessBase"]
[SourceDate "2015.09.14"]
[SourceVersion "1"]
[SourceVersionDate "2015.09.14"]
[SourceQuality "1"]

1. d4 d5 2. Nf3 Nf6 3. c4 c6 4. Qc2 g6 5. Bf4 Bf5 6. Qb3 Qb6 7. e3 Nbd7 8. Nc3 Bg7 9. h3 Qxb3 10. axb3 0-0 11. Be2 h6 12. 0-0 g5 13. Bh2 a6 14. Ra5 e6 15. Nd2 Bg6 16. Bf3 Rac8 17. Rd1 Bc2 18. Rc1 Bd3 19. Be2 Bxe2 20. Nxe2 Ne4 21. Nxe4 dxe4 22. g4 f5 23. Bd6 Rf7 24. Ng3 Bf8 25. Bxf8 Rcxf8 26. d5 fxg4 27. dxe6 Rxf2 28. Nxe4 Rxb2 29. exd7 gxh3 30. Re5 Rxb3 31. Re8 Rd3 32. Rf1 1-0

[Event "USA-ch (Women)"]
[Site "Saint Louis"]
[Date "2013.05.06"]
[Round "4"]
[White "Krush, Irina"]
[Black "Belakovskaia, Anjelina"]
[Result "1-0"]
[WhiteElo "2470"]
[BlackElo "2263"]
[PlyCount "123"]
[EventDate "2013.05.03"]
[EventType "tourn"]
[EventRounds "9"]
[EventCountry "USA"]
[EventCategory "2"]
[SourceTitle "CBM 154 Extra"]
[Source "ChessBase"]
[SourceDate "2013.06.25"]
[SourceVersion "2"]
[SourceVersionDate "2013.06.25"]
[SourceQuality "1"]

1. c4 e5 2. Nc3 c5 3. Nf3 Nc6 4. g3 f5 5. d3 Be7 6. Bg2 Nf6 7. 0-0 0-0 8. a3 Rb8 9. Rb1 Qe8 10. Nd5 Bd6 11. e4 b5 12. Nxf6+ Rxf6 13. exf5 Rxf5 14. Ng5 Be7 15. Ne4 Ba6 16. Nc3 Kh8 17. cxb5 Bxb5 18. Nxb5 Rxb5 19. Bxc6 dxc6 20. Bd2 Qd7 21. Bc3 Rb8 22. Qe2 Qd5 23. f3 Bd6 24. Kg2 Kg8 25. Qe4 Rbf8 26. Rbe1 h5 27. h4 Qxe4 28. dxe4 R5f7 29. Rd1 Bc7 30. Rd3 c4 31. Rd2 a5 32. a4 Kh7 33. Rc2 Rb8 34. Rff2 Bb6 35. Rfe2 Rbf8 36. Bxe5 Rxf3 37. Bf4 Rb3 38. Rxc4 Rf6 39. Be5 Rg6 40. Bc3 Bc7 41. Re3 Be5 42. Rc5 Bxc3 43. bxc3 Rb2+ 44. Kh3 Kh6 45. e5 Re6 46. Rxa5 Ra2 47. Ra8 Kg6 48. a5 c5 49. a6 Raxa6 50. Rxa6 Rxa6 51. e6 Ra8 52. g4 hxg4+ 53. Kxg4 Re8 54. c4 Kf6 55. e7 Rxe7 56. Rxe7 Kxe7 57. Kf5 Kf7 58. h5 Kg8 59. Ke5 Kh7 60. Kd5 Kh6 61. Kxc5 Kxh5 62. Kd5 1-0

[Event "USA-ch (Women)"]
[Site "Saint Louis"]
[Date "2013.05.03"]
[Round "1"]
[White "Zatonskih, Anna"]
[Black "Belakovskaia, Anjelina"]
[Result "1-0"]
[WhiteElo "2466"]
[BlackElo "2263"]
[PlyCount "52"]
[EventDate "2013.05.03"]
[EventType "tourn"]
[EventRounds "9"]
[EventCountry "USA"]
[EventCategory "2"]
[SourceTitle "CBM 154 Extra"]
[Source "ChessBase"]
[SourceDate "2013.06.25"]
[SourceVersion "2"]
[SourceVersionDate "2013.06.25"]
[SourceQuality "1"]

1. d4 d5 2. c4 e5 3. e3 exd4 4. exd4 Nc6 5. Nc3 Bb4 6. Nf3 Bg4 7. Be3 Nf6 8. c5 0-0 9. Be2 Ne4 10. Qb3 Re8 11. Rd1 Bxc3+ 12. bxc3 Na5 13. Qb4 Nc4 14. 0-0 Nxf2 15. Bg5 Nxd1 16. Bxd8 Rxe2 17. Qxb7 Rxd8 18. Rxd1 Bxf3 19. gxf3 Nd2 20. Qxc7 Nxf3+ 21. Kf1 Rde8 22. Qf4 Nxh2+ 23. Kg1 h5 24. c6 R8e4 25. Qxe4 dxe4 26. c7 Nf3+ 1-0

[Event "Las Vegas National op"]
[Site "Las Vegas"]
[Date "2012.06.17"]
[Round "6"]
[White "Bryant, John Daniel"]
[Black "Belakovskaia, Anjelina"]
[Result "1-0"]
[WhiteElo "2363"]
[BlackElo "2267"]
[PlyCount "67"]
[EventDate "2012.06.15"]
[EventType "swiss"]
[EventRounds "9"]
[EventCountry "USA"]
[SourceTitle "CBM 148 Extra"]
[Source "ChessBase"]
[SourceDate "2012.06.22"]
[SourceVersion "1"]
[SourceVersionDate "2012.06.22"]
[SourceQuality "1"]

1. e4 e5 2. Nf3 Nc6 3. Bc4 Bc5 4. c3 Nf6 5. d3 d6 6. Bb3 Bb6 7. 0-0 Be6 8. Nbd2 Bxb3 9. Qxb3 Nd7 10. Nc4 Nc5 11. Qc2 Ne6 12. a4 a6 13. Nxb6 cxb6 14. Be3 Rc8 15. Nd2 0-0 16. Qb3 Nc5 17. Bxc5 dxc5 18. Nc4 Qxd3 19. Rad1 Nd4 20. Qa2 Ne2+ 21. Kh1 Qc2 22. Rd2 Nc1 23. Qa1 Qxe4 24. Nd6 Nb3 25. Nxe4 Nxa1 26. Rxa1 f5 27. Nd6 Rc6 28. Rad1 e4 29. g3 g5 30. Rd5 Kg7 31. Nxf5+ Kf6 32. Nd6 h6 33. Nxe4+ Ke6 34. c4 1-0

[Event "Las Vegas National op"]
[Site "Las Vegas"]
[Date "2012.06.15"]
[Round "2"]
[White "Perunovic, Milos"]
[Black "Belakovskaia, Anjelina"]
[Result "1-0"]
[WhiteElo "2577"]
[BlackElo "2267"]
[PlyCount "41"]
[EventDate "2012.06.15"]
[EventType "swiss"]
[EventRounds "9"]
[EventCountry "USA"]
[SourceTitle "CBM 148 Extra"]
[Source "ChessBase"]
[SourceDate "2012.06.22"]
[SourceVersion "1"]
[SourceVersionDate "2012.06.22"]
[SourceQuality "1"]

1. e4 b6 2. d4 Bb7 3. Bd3 e6 4. Nf3 c5 5. Nc3 cxd4 6. Nxd4 Nc6 7. Nxc6 Bxc6 8. Qe2 Nf6 9. 0-0 d5 10. Bg5 dxe4 11. Bxe4 Qc7 12. Bxf6 gxf6 13. Rad1 Rc8 14. Nb5 Qb7 15. Bxc6+ Rxc6 16. Qf3 Rg8 17. Rd6 Rc7 18. Nxc7+ Qxc7 19. Qa8+ Ke7 20. Rfd1 f5 21. Rc6 1-0

[Event "USA-ch (Women)"]
[Site "Salt Lake City"]
[Date "1999.08.24"]
[Round "2"]
[White "Belakovskaia, Anjelina"]
[Black "Shahade, Jennifer"]
[Result "1/2-1/2"]
[WhiteElo "2255"]
[BlackElo "2290"]
[PlyCount "166"]
[EventDate "1999.08.05"]
[EventType "tourn"]
[EventRounds "9"]
[EventCountry "USA"]
[SourceTitle "EXT 2000"]
[Source "ChessBase"]
[SourceDate "1999.11.16"]
[SourceVersion "1"]
[SourceVersionDate "1999.11.16"]
[SourceQuality "1"]

1. d4 Nf6 2. c4 g6 3. Nc3 d5 4. cxd5 Nxd5 5. Bd2 Bg7 6. e4 Nb6 7. Be3 0-0 8. Be2 e5 9. Nf3 exd4 10. Bxd4 Be6 11. Bxg7 Kxg7 12. Nd4 Bc4 13. b3 Bxe2 14. Ncxe2 Qe7 15. Qc2 Qb4+ 16. Kf1 c5 17. a3 Qa5 18. Nf3 Nc6 19. h4 h5 20. g3 Rad8 21. Kg2 Nd4 22. Nexd4 cxd4 23. Rhd1 Rfe8 24. Nxd4 Rc8 25. Qb2 Qe5 26. f3 Kh7 27. Rac1 Rcd8 28. Qc3 Rd7 29. Ne2 Qb5 30. Kf2 Red8 31. Rxd7 Rxd7 32. a4 Qd3 33. a5 Qxc3 34. Nxc3 Nc8 35. Nd5 Rd8 36. Rc7 Nd6 37. Nf6+ Kg7 38. Rd7 Rxd7 39. Nxd7 f6 40. Ke3 Kf7 41. Kd4 Nb5+ 42. Kc4 Na3+ 43. Kd5 Nc2 44. Nc5 b6 45. axb6 axb6 46. Na4 Ne3+ 47. Kd4 Nf1 48. Nxb6 Nxg3 49. Ke3 g5 50. Kf2 gxh4 51. Nc4 Ke6 52. Ne3 Nh1+ 53. Kg2 Ng3 54. Nf5 Ne2 55. Nxh4 Nd4 56. b4 Kd7 57. Nf5 Ne6 58. Ne3 Nd4 59. Nf5 Ne6 60. b5 Ng5 61. b6 Kc6 62. Ne7+ Kb7 63. Nd5 h4 64. Nxf6 h3+ 65. Kg3 h2 66. Kxh2 Nxf3+ 67. Kg3 Ng5 68. e5 Kxb6 69. Kf4 Ne6+ 70. Kf5 Ng7+ 71. Kg6 Ne6 72. Kf7 Ng5+ 73. Kg6 Ne6 74. Ne4 Kc6 75. Kf7 Kd5 76. Kf6 Nf8 77. Kf5 Kc6 78. Nf6 Kc7 79. Kg5 Kd8 80. Nd5 Ke8 81. Kf5 Kd8 82. Nf6 Nd7 83. e6 Nc5 1/2-1/2

[Event "World op 27th"]
[Site "Philadelphia"]
[Date "1999.07.01"]
[Round "5"]
[White "Belakovskaia, Anjelina"]
[Black "De Fotis, Gary"]
[Result "1/2-1/2"]
[WhiteElo "2286"]
[BlackElo "2234"]
[PlyCount "57"]
[EventDate "1999.06.27"]
[EventType "swiss"]
[EventRounds "9"]
[EventCountry "USA"]
[SourceTitle "EXT 2000"]
[Source "ChessBase"]
[SourceDate "1999.11.16"]
[SourceVersion "1"]
[SourceVersionDate "1999.11.16"]
[SourceQuality "1"]

1. d4 Nf6 2. c4 e6 3. Nf3 b6 4. g3 Bb7 5. Bg2 Be7 6. Nc3 Ne4 7. Qc2 Nxc3 8. Qxc3 0-0 9. 0-0 f5 10. Be3 a5 11. d5 exd5 12. Ne1 c5 13. Bxd5+ Bxd5 14. cxd5 d6 15. a4 Na6 16. Nd3 g5 17. Qc4 Nb4 18. Bd2 Bf6 19. Bc3 Ra7 20. Ne1 Re7 21. f3 Qe8 22. Rf2 Qg6 23. Ng2 Rfe8 24. Rd1 Qg7 25. h4 h6 26. hxg5 hxg5 27. Rdf1 Bd4 28. e3 Bf6 29. e4 1/2-1/2

[Event "World op 27th"]
[Site "Philadelphia"]
[Date "1999.06.29"]
[Round "3"]
[White "Belakovskaia, Anjelina"]
[Black "Ivanov, Alexander"]
[Result "1-0"]
[WhiteElo "2286"]
[BlackElo "2505"]
[PlyCount "72"]
[EventDate "1999.06.27"]
[EventType "swiss"]
[EventRounds "9"]
[EventCountry "USA"]
[SourceTitle "EXT 2000"]
[Source "ChessBase"]
[SourceDate "1999.11.16"]
[SourceVersion "1"]
[SourceVersionDate "1999.11.16"]
[SourceQuality "1"]

1. d4 g6 2. c4 Bg7 3. Nc3 c5 4. Nf3 cxd4 5. Nxd4 Nc6 6. e3 Nh6 7. Nxc6 bxc6 8. e4 d6 9. Be2 f5 10. Bf3 Bd7 11. Bxh6 Bxh6 12. exf5 Qb6 13. Qb3 gxf5 14. Bh5+ Kf8 15. 0-0 Kg7 16. c5 Qxb3 17. axb3 d5 18. Ra6 Rhc8 19. Na4 Rcb8 20. f4 Rxb3 21. Nb6 axb6 22. Rxa8 bxc5 23. Ra7 Be6 24. Rxe7+ Kf6 25. Rxh7 Bg7 26. Be8 Rxb2 27. h3 c4 28. g4 fxg4 29. f5 Bg8 30. Rxg7 Kxg7 31. f6+ Kf8 32. f7 Bh7 33. hxg4 c3 34. Bxc6 Be4 35. Ba4 Rg2+ 36. Kh1 Ra2+ 1-0

[Event "CCA ChessWise op"]
[Site "Stratton Mountain"]
[Date "1999.06.12"]
[Round "2"]
[White "Belakovskaia, Anjelina"]
[Black "Ehlvest, Jaan"]
[Result "0-1"]
[WhiteElo "2286"]
[BlackElo "2593"]
[PlyCount "102"]
[EventDate "1999.06.??"]
[EventType "swiss"]
[EventRounds "9"]
[EventCountry "USA"]
[SourceTitle "EXT 2000"]
[Source "ChessBase"]
[SourceDate "1999.11.16"]
[SourceVersion "1"]
[SourceVersionDate "1999.11.16"]
[SourceQuality "1"]

1. d4 c5 2. d5 f5 3. g4 fxg4 4. e4 d6 5. h3 Nf6 6. hxg4 Bxg4 7. f3 Bd7 8. Nh3 Na6 9. Ng5 Qb6 10. Nd2 h6 11. Bh3 Bxh3 12. Rxh3 Nc7 13. c4 Rg8 14. Qa4+ Kd8 15. Ne6+ Nxe6 16. dxe6 g5 17. Nf1 Qc6 18. Qxc6 bxc6 19. Ne3 Rg6 20. Bd2 Ne8 21. e5 Rxe6 22. exd6 Nxd6 23. 0-0-0 Ke8 24. b3 Bg7 25. Ng4 Nf5 26. f4 gxf4 27. Bxf4 Rg6 28. Ne5 Rg2 29. Nxc6 Rxa2 30. Rhd3 Ra6 31. Rd8+ Rxd8 32. Rxd8+ Kf7 33. Rc8 Nd4 34. Nxd4 Bxd4 35. Bd2 h5 36. b4 h4 37. bxc5 h3 38. Bf4 Be3+ 39. Bxe3 h2 40. Rh8 h1Q+ 41. Rxh1 Ra1+ 42. Kc2 Rxh1 43. c6 a6 44. c7 Rh8 45. Kb3 Rc8 46. Bb6 Ke6 47. Kb4 Kd7 48. Ka5 Rxc7 49. c5 Kc6 50. Kxa6 Rd7 51. Ka5 Rd4 0-1

[Event "Philadelphia National op 29th"]
[Site "Philadelphia"]
[Date "1998.11.28"]
[Round "4"]
[White "Belakovskaia, Anjelina"]
[Black "Ritvin, Stanislav"]
[Result "0-1"]
[WhiteElo "2380"]
[BlackElo "2240"]
[PlyCount "64"]
[EventDate "1998.11.??"]
[EventType "swiss"]
[EventRounds "6"]
[EventCountry "USA"]
[SourceTitle "EXT 2000"]
[Source "ChessBase"]
[SourceDate "1999.11.16"]
[SourceVersion "1"]
[SourceVersionDate "1999.11.16"]
[SourceQuality "1"]

1. d4 Nf6 2. c4 g6 3. Nc3 Bg7 4. e4 d6 5. f3 e5 6. d5 Nh5 7. Be3 f5 8. Nge2 0-0 9. c5 Nd7 10. c6 Ndf6 11. cxb7 Bxb7 12. exf5 gxf5 13. Qb3 Bc8 14. Nb5 f4 15. Bxa7 Qe7 16. 0-0-0 Kh8 17. Bf2 c6 18. dxc6 Be6 19. Qb4 Rxa2 20. Qxd6 Ra1+ 21. Kc2 Bf5+ 22. Kc3 Rxd1 23. Qxd1 Rd8 24. Qa4 Rd3+ 25. Kc4 Bf8 26. Nbc3 Rd2 27. Ne4 Bxe4 28. fxe4 Nxe4 29. Bb6 Qe6+ 30. Kb5 Rxb2+ 31. Ka6 Nc5+ 32. Bxc5 Qc8+ 0-1

[Event "USA-ch (Women)"]
[Site "Denver"]
[Date "1998.11.07"]
[Round "8"]
[White "Belakovskaia, Anjelina"]
[Black "Zitserman, Tatyana"]
[Result "1-0"]
[WhiteElo "2380"]
[BlackElo "2060"]
[PlyCount "81"]
[EventDate "1998.10.31"]
[EventType "tourn"]
[EventRounds "11"]
[EventCountry "USA"]
[SourceTitle "CBM 067 Extra"]
[Source "ChessBase"]
[SourceDate "1999.01.01"]
[SourceVersion "1"]
[SourceVersionDate "1999.01.01"]
[SourceQuality "1"]

1. e4 c5 2. Nc3 Nc6 3. d3 g6 4. g3 Bg7 5. Bg2 e6 6. Be3 d6 7. Qd2 a6 8. Nd1 Rb8 9. Nf3 Qa5 10. c3 b5 11. 0-0 b4 12. Nh4 bxc3 13. bxc3 Bd7 14. f4 Nf6 15. f5 0-0 16. Bh6 e5 17. Bxg7 Kxg7 18. Ne3 Ne7 19. Rf2 h6 20. fxg6 fxg6 21. Raf1 Nh7 22. Nf3 Be6 23. h4 Rf7 24. Kh2 Rff8 25. Bh3 Bxh3 26. Kxh3 Qc7 27. Kg2 Qd7 28. Qe2 a5 29. h5 g5 30. Nh2 Rxf2+ 31. Rxf2 Rf8 32. Nhg4 Rxf2+ 33. Qxf2 Qe6 34. a4 Qd7 35. Qa2 Nf8 36. Qb3 Nh7 37. Nxh6 Kxh6 38. Qf7 Nf8 39. Qxf8+ Kh7 40. Qf7+ Kh8 41. Nf5 1-0